Russes les plus célèbres - Statistiques

Statistiques générales
  • Ce quiz a été pris 59 fois
  • Le résultat moyen est 5 sur 12
Statistiques - réponses
Par images Réponse % Correct
Vladimir Poutine
91%
Joseph Staline
79%
Lénine
68%
Raspoutine
58%
Youri Gagarine
55%
Boris Eltsine
43%
Maria Sharapova
36%
La Menace
28%
Roman Abramovitch
13%
Yachine
13%
Gorbachev
6%
Pavel Durov
6%
Aucun quiz correspondant
Distribution des résultats
% des personnes avec chaque résultat
Percentile par nombre de réponses
Votre historique - résultats
Vous n’avez pas pris ce quiz